Obálka Náhled e-knihy:
PDF Epub
Pro půjčování e-knih musíte být přihlášeni.
Jak si půjčit online?

Hrobová hora /

Mysteriózní thriller úspěšné autorky, ve kterém se čtenářům dobře známá vyšetřovatelka Madison Harperová sama ocitá v ohrožení ze strany nelítostného masového vraha.

Uloženo v:
Série:Madison Harperová, část 7
Hlavní autor: Dranfield, Wendy (Autor)
Další autoři: Vlčková, Jana, 1973- (Autor)
Médium: E-kniha
Jazyk:Czech
Vydáno: Praha : Kniha Zlin, 2025
Vydání:Vydání první
Témata:
Příbuzné jednotky:Z cyklu:: Madison Harperová
Tagy:
Žádné tagy
LEADER 02528nam a2200445 i 4500
001 312847
003 CZ PrSKC
005 20260601215729.0
007 ta
008 251020s2025 xr g 000 f cze
015 |a cnb003713840 
020 |a 9788076629523  |q (vázáno) 
035 |a (OCoLC)1559932858 
040 |a ABG001  |b cze  |d ABA001  |e rda 
041 1 |a cze  |h eng 
072 7 |a 821.111  |x Anglická literatura, anglicky psaná  |2 Konspekt 
080 |a 821.111-31  |2 MRF 
080 |a (0:82-312.4)  |2 MRF 
100 1 |a Dranfield, Wendy  |7 xx0276894  |4 aut 
240 1 0 |a Grave mountain.  |l Česky 
245 1 0 |a Hrobová hora /  |c Wendy Dranfield ; z anglického originálu Grave Mountain ... přeložila Jana Vlčková 
250 |a Vydání první 
264 1 |a Praha :  |b Kniha Zlin,  |c 2025 
300 |a 387 stran ;  |c 21 cm 
336 |a text  |b txt  |2 rdacontent 
337 |a bez média  |b n  |2 rdamedia 
338 |a svazek  |b nc  |2 rdacarrier 
520 2 |a Mysteriózní thriller úspěšné autorky, ve kterém se čtenářům dobře známá vyšetřovatelka Madison Harperová sama ocitá v ohrožení ze strany nelítostného masového vraha.  |b V Lost Creek se scházejí členové podpůrné skupiny pro rodiny pohřešovaných. Pozornost Madison Harperové ale upoutá především jeden případ: před pěti lety se dvě dívky a jejich kamarád vydali na túru na nechvalně proslulou Hrobovou horu. Vrátil se jen on. Madison se zdá, že něco tají, a je odhodlaná zjistit, k čemu tehdy skutečně došlo. Indicie ji dovedou k domněnce, že odložený případ souvisí se sériovým vrahem, který Hrobovou horu používá jako pohřebiště. Nakladatelská anotace. Kráceno. 
655 7 |a anglické romány  |7 fd131814  |2 czenas 
655 7 |a detektivní romány  |7 fd132010  |2 czenas 
655 9 |a English fiction  |2 eczenas 
655 9 |a detective novels  |2 eczenas 
700 1 |a Vlčková, Jana,  |d 1973-  |7 mzk2003184700  |4 trl 
787 0 8 |i Z cyklu:  |t Madison Harperová  |g 7 
900 |a ABA001  |b 21 
928 9 |a Albatros Media - Kniha Zlin 
044 |a xr 
910 |a RBIT002 
998 |d 423108  |a https://core.palmknihy.cz/api/books/423108/cover?t47wgs  |b https://core.palmknihy.cz/api/books/423108/cover/400?t47wgs  |c https://core.palmknihy.cz/api/books/423108/cover/50?t47wgs  |e 2029-05-24  |g 392  |i 9788076629523  |j https://core.palmknihy.cz/api/books/423108/preview.epub  |k https://core.palmknihy.cz/api/books/423108/preview.pdf  |l   |q 49  |r 1  |s https://www.palmknihy.cz/kniha/423108  |t ebook  |y 2025  |z 0  |v Madison Harperová  |w 7 
999 |d 312845